Largest Cities in the World in 1776 - Statistics

General Stats
  • This quiz has been taken 103 times
  • The average score is 15 of 20
Answer Stats
Modern-Day Country Population City % Correct
United Kingdom 756k London
100%
Japan 689k Tokyo
100%
China 987k Beijing
99%
Turkey 592k Istanbul
99%
France 596k Paris
99%
Netherlands 218k Amsterdam
94%
Egypt 213k Cairo
93%
Portugal 217k Lisbon
93%
South Korea 190k Seoul
90%
Austria 197k Vienna
90%
India 178k Delhi
89%
Italy 344k Naples
86%
Japan 369k Kyoto
84%
Japan 399k Osaka
84%
China 574k Guangzhou
73%
China 207k Xian
54%
China 360k Hangzhou
38%
China 203k Suzhou
16%
India 286k Vijayanagar
16%
India 209k Murshidabad
4%
No matching quizzes found
Score Distribution
Percent of People with Each Score
Percentile by Number Answered
Your Score History
You have not taken this quiz